000
00338nam a2200145Ia 4500
100
_a
Bowersox/Donald J
942
_c
BK
366
_f
25
245
_a
Logistical Management: Integrated supply chain proccess
260
_b
Tata McGraw Hil
_c
1996
082
_a
658.5
_b
BOW
300
_a
730
546
_a
ENGLISH
_c
Info.Tech
999
_c
29184
_d
29184